Focus (Record no. 83129)

MARC details
000 -LEADER
fixed length control field 00897cab a22002055a 4500
001 - CONTROL NUMBER
control field L152872
008 - FIXED-LENGTH DATA ELEMENTS--GENERAL INFORMATION
fixed length control field 110510e20110507xxk 000 0 eng d
035 ## - SYSTEM CONTROL NUMBER
System control number (Sirsi) u152872
041 0# - LANGUAGE CODE
Language code of text/sound track or separate title eng
100 1# - MAIN ENTRY--PERSONAL NAME
Personal name Donnell, Richard
245 00 - TITLE STATEMENT
Title Focus
Remainder of title Residential
260 ## - PUBLICATION, DISTRIBUTION, ETC.
Date of publication, distribution, etc. 2011
490 ## - SERIES STATEMENT
Series statement Estates Gazette
Volume/sequential designation (1118) 7 May 2011, 69-85(12)
520 ## - SUMMARY, ETC.
Summary, etc. Highlights cash flow investment opportunities for residential property. Interviews with representatives from the property industry on how the Coalition Government is faring on housing policy one year after taking office in May 2010. Comments on the boom in student accommodation sector. Reviews schemes by developers and housebuilders aimed at helping first-timer buyers get onto the property ladder.
590 ## - LOCAL NOTE (RLIN)
Local note KA
651 #4 - SUBJECT ADDED ENTRY--GEOGRAPHIC NAME
Geographic name United Kingdom
Chronological subdivision
690 ## - LOCAL SUBJECT ADDED ENTRY--TOPICAL TERM (OCLC, RLIN)
Topical term or geographic name as entry element PROPERTY-RESIDENTIAL PROPERTY
700 1# - ADDED ENTRY--PERSONAL NAME
Personal name Norwood, Graham
942 ## - ADDED ENTRY ELEMENTS (KOHA)
Suppress in OPAC 0
Holdings
Withdrawn status Lost status Source of classification or shelving scheme Damaged status Not for loan Home library Current library Shelving location Date acquired Total Checkouts Full call number Barcode Date last seen Copy number Price effective from Koha item type
    Dewey Decimal Classification     London London Journal article 10/05/2011   L152872 152872-1001 06/08/2019 1 06/08/2019 Journal article